000 00845cam a22002891a 4500
001 46630
003 BD-RjUL
005 20211209054200.0
008 160803s1965 ii 000 0 eng
035 _a(BD-RjUL)46749
035 _a(OCoLC)31269196
040 _aDLC
_cNcD-L
_dDLC
_beng
041 _aeng
082 _223
_a381. 0954
_bCHS 1965
100 _aChoudhry, A.M.
_9142187
110 1 _aIndia.
_9142206
245 1 4 _aThe sale of goods act, III of 1930 /
_cA.M.Choudhry
250 _a5th edi.
260 _aDelhi :
_bMetropolitan Book Co.,
_c1965.
300 _a86 p. ;
_c25 cm.
650 0 _aSales
_zIndia.
_9142137
700 1 _aAggarawala, Om Prakash,
_d1905-
_9142190
942 _2ddc
_cBK
999 _c46630
_d46630